Largest Non-Capital Cities in Australia - Statistics

General Stats
  • This quiz has been taken 26 times
  • The average score is 6 of 10
Answer Stats
2018 Population Answer % Correct
679,127 Gold Coast
100%
486,704 Newcastle
75%
333,436 Sunshine Coast
71%
152,729 Cairns
67%
180,820 Townsville
58%
268,277 Geelong
54%
302,739 Wollongong
54%
99,122 Bendigo
42%
105,471 Ballarat
38%
136,861 Toowoomba
29%
No matching quizzes found
Score Distribution
Percent of People with Each Score
Percentile by Number Answered
Your Score History
You have not taken this quiz